| 000 | 00478nam a22001697a 4500 | ||
|---|---|---|---|
| 005 | 20260402161048.0 | ||
| 008 | 260402b |||||||| |||| 00| 0 eng d | ||
| 020 | _a9789369524433 | ||
| 082 | _a342.042 GOTN | ||
| 100 | _aGovernment of Tamilnadu | ||
| 245 | _aHigh-Level Committee on Union-State Relations (PART-i) | ||
| 250 | _a1st | ||
| 260 |
_aNew Delhi: _bBloomsbury Publishing India Pvt. Ltd, _c2026. |
||
| 300 | _a387 p | ||
| 650 | _bUnion-State Relation | ||
| 942 | _cDB | ||
| 999 |
_c9600 _d9600 |
||